Návrh a implementácia metodík monitorovania a riadenia inteligentných akvaponických systémov

Salvato in:
Dettagli Bibliografici
Autore principale: Šimovec, Matej (Autore)
Altri autori: Vachálek, Ján (Relatore della tesi)
Natura: Manoscritto Libro
Lingua:slovacco
Pubblicazione: 2022
Soggetti:
Accesso online:http://is.stuba.sk/zp/portal_zp.pl?podrobnosti=152789
Tags: Aggiungi Tag
Nessun Tag, puoi essere il primo ad aggiungerne!!

MARC

LEADER 00000ntm a22000003a 4500
001 stuzp71371
003 SK-STU
005 20220903210427.6
007 ta
008 150427s2015----xo-----f-mn---000-0-slo-d
040 |a STU  |b slo 
041 0 |a slo 
100 1 |a Šimovec, Matej  |u 020020  |4 aut  |U SjF Strojnícka fakulta  |T SjF Ústav automatizácie, merania a aplikovanej informatiky  |X 56486  |U J0020  |Y 802  |7 56486 
242 0 1 |a Design and implementation of monitoring and control methodologies for smart aquaponic systems  |y eng 
245 1 0 |a Návrh a implementácia metodík monitorovania a riadenia inteligentných akvaponických systémov 
260 |c 2022 
650 4 |a akvapónia  |2 slo 
650 4 |a hydropónia  |2 slo 
650 4 |a monitorovanie  |2 slo 
650 4 |a riadenie  |2 slo 
650 4 |a zber dát  |2 slo 
650 4 |a CUSUM  |2 slo 
650 4 |a IoT  |2 slo 
650 4 |a MQTT  |2 slo 
650 4 |a OpenMV  |2 slo 
650 4 |a aquaponics  |2 eng 
650 4 |a hydroponics  |2 eng 
650 4 |a monitoring  |2 eng 
650 4 |a control  |2 eng 
650 4 |a data acquisition  |2 eng 
650 4 |a CUSUM  |2 eng 
650 4 |a IoT  |2 eng 
650 4 |a MQTT  |2 eng 
650 4 |a OpenMV  |2 eng 
700 1 |a Vachálek, Ján  |u 020020  |k Z1  |4 ths  |U SjF Strojnícka fakulta  |T SjF Ústav automatizácie, merania a aplikovanej informatiky  |X 2232  |U J0020  |Y 802  |7 A000002232 
856 4 |u http://is.stuba.sk/zp/portal_zp.pl?podrobnosti=152789 
996 |b 284J046834  |c J* 119339  |l JJST  |s P  |a 0  |w stuzp71371_0001